000 00578nam a2200181Ia 4500
008 151018s9999 xx 000 0 und d
082 _bRBASDV25460
_a891.463
100 _aएस एम काशीकर
245 _aसोनेरी मासा
250 _b1
260 _bश्रद्धा प्रकाशन ठाणे
_c1992
300 _a177
600 _aएस एम काशीकर
630 _aसोनेरी मासा
700 _aएस एम काशीकर
730 _aसोनेरी मासा
942 _cBOOK
999 _c1025073
_d1025070